Computer security and penetration testing / (Record no. 213874)
[ view plain ]
| 000 -LEADER | |
|---|---|
| fixed length control field | 01040 a2200181 4500 |
| 003 - CONTROL NUMBER IDENTIFIER | |
| control field | Nust |
| 005 - DATE AND TIME OF LATEST TRANSACTION | |
| control field | 20220725182013.0 |
| 010 ## - LIBRARY OF CONGRESS CONTROL NUMBER | |
| LC control number | 2013939807 |
| 020 ## - INTERNATIONAL STANDARD BOOK NUMBER | |
| International Standard Book Number | 9780840020932 |
| 040 ## - CATALOGING SOURCE | |
| Transcribing agency | Nust |
| 082 ## - DEWEY DECIMAL CLASSIFICATION NUMBER | |
| Classification number | 005.8,BAS |
| 100 1# - MAIN ENTRY--PERSONAL NAME | |
| Personal name | Basta, Alfred. |
| 9 (RLIN) | 28828 |
| 245 10 - TITLE STATEMENT | |
| Title | Computer security and penetration testing / |
| Statement of responsibility, etc. | Alfred Basta, Nadine Basta, Mary Brown. |
| 250 ## - EDITION STATEMENT | |
| Edition statement | 2nd Ed. |
| 300 ## - PHYSICAL DESCRIPTION | |
| Extent | xix;376 p, |
| 505 ## - FORMATTED CONTENTS NOTE | |
| Formatted contents note | Ethics of Hacking and Cracking. (Page-1), Reconnaissance. (Page-17) , Scanning Tools. (Page-45), Sniffers. ( Page-67), TCP/IP Vulnerabilities (Page-95), Techniques of Password Cracking. ( Page-115), Spoofing. (Page-137), Session Hijacking. (Page-157), Hacking Network Devices (Page-175), Trojan Horses ( Page-195), Denial of Service Attacks. (Page-211), Buffer Overflows (Page-231), Programming Exploits (Page-249), Mail Vulnerabilities (Page-265), Web Application Vulnerabilities ( Page-289) Windows Vulnerabilities (Page-311), Linux Vulnerabilities (Page-321), Incident Handling (Page-335). |
| 942 ## - ADDED ENTRY ELEMENTS (KOHA) | |
| Source of classification or shelving scheme | |
| Koha item type | Book |
| Withdrawn status | Lost status | Source of classification or shelving scheme | Damaged status | Not for loan | Permanent Location | Current Location | Shelving location | Date acquired | Full call number | Barcode | Date last seen | Price effective from | Koha item type | Public note |
|---|---|---|---|---|---|---|---|---|---|---|---|---|---|---|
| Military College of Signals (MCS) | Military College of Signals (MCS) | Reference | 12/12/2016 | 005.8,BAS | MCS37169 | 12/08/2016 | 12/12/2016 | Book | Almirah No.18, Shelf No.2 |
